000 00484nam a2200193Ia 4500
005 20250603145753.0
008 250603s9999 xx 000 0 und d
020 _a9780205782130 |a 0205782132
050 _aHD 30.3 .O35/
100 _aO'Hair, Dan.
245 0 _aStrategic communication in business and the professions
250 _a7th ed.
260 _aBoston
260 _bPearson Education
260 _c2011
300 _a440 p
650 _aBoston
942 _cBK
999 _c42807
_d42807